[Event "GRE-chT 46th"]
[Site "Rio Achaia"]
[Date "2018.07.14"]
[Round "6.17"]
[White "Tzintzios, Georgios"]
[Black "Trimitzios, Petros"]
[Result "0-1"]
[WhiteElo "2186"]
[BlackElo "2300"]
[PlyCount "58"]
[EventDate "2018.07.10"]
[EventType "team"]
[EventRounds "7"]
[EventCountry "GRE"]
[SourceTitle "CBM 185 Extra"]
[Source "ChessBase"]
[SourceDate "2018.07.29"]
[SourceVersion "1"]
[SourceVersionDate "2018.07.29"]
[SourceQuality "1"]
[WhiteTeam "Larissa"]
[BlackTeam "Papagou AS"]
[WhiteTeamCountry "GRE"]
[BlackTeamCountry "GRE"]

1. e4 e5 2. Nf3 Nc6 3. Bb5 Nf6 4. d3 Bc5 5. c3 Qe7 6. 0-0 a6 7. Ba4 b5 8. Bb3 d6 9. a4 Rb8 10. axb5 axb5 11. d4 Bb6 12. Re1 0-0 13. h3 Bd7 14. Bg5 h6 15. Bh4 g5 16. Nxg5 hxg5 17. Bxg5 exd4 18. Qf3 Kg7 19. Qg3 Rg8 20. e5 dxe5 21. Nd2 Nh5 22. Qh4 f6 23. Bxg8 fxg5 24. Qxh5 Rxg8 25. Ne4 g4 26. hxg4 Rh8 27. Qg5+ Qxg5 28. Nxg5 Bxg4 29. cxd4 Nxd4 0-1

[Event "Kavala op 13th"]
[Site "Kavala"]
[Date "2004.08.04"]
[Round "6"]
[White "Ardelean, George Catalin"]
[Black "Tzintzios, Georgios"]
[Result "1-0"]
[WhiteElo "2465"]
[BlackElo "2197"]
[PlyCount "116"]
[EventDate "2004.07.31"]
[EventType "swiss"]
[EventRounds "9"]
[EventCountry "GRE"]
[SourceTitle "CBM 101 Extra"]
[Source "ChessBase"]
[SourceDate "2004.09.01"]
[SourceVersion "2"]
[SourceVersionDate "2004.09.01"]
[SourceQuality "1"]

1. e4 e5 2. Nc3 Nf6 3. g3 Nc6 4. Bg2 Bc5 5. Nf3 d6 6. d3 0-0 7. Na4 Bb4+ 8. c3 Ba5 9. b4 Bb6 10. 0-0 Ne7 11. Nh4 Bg4 12. Qe1 Ng6 13. Nxg6 hxg6 14. Nxb6 axb6 15. f4 Bd7 16. h3 c5 17. c4 Qc8 18. Kh2 b5 19. bxc5 Qxc5 20. Be3 Qc7 21. cxb5 Bxb5 22. Qb1 Qa5 23. Rd1 Rfe8 24. d4 Ba4 25. Re1 Qa6 26. Qb4 Bc2 27. dxe5 dxe5 28. fxe5 Nd7 29. Qb2 Rac8 30. Bd4 Nf8 31. Rac1 Ne6 32. Be3 Qd3 33. Qxb7 Qa3 34. Qb5 Red8 35. Qe2 Qxa2 36. Red1 Rxd1 37. Rxd1 Qc4 38. Qxc4 Rxc4 39. Rc1 Rc6 40. Kg1 Nf8 41. Kf2 Nd7 42. Bd4 Kf8 43. Ke3 Ke7 44. Bf3 g5 45. Kd2 Ba4 46. Rxc6 Bxc6 47. Ke3 g6 48. Be2 Ke8 49. Bc4 Nf8 50. Bc5 Ne6 51. Bd6 Kd7 52. Kf3 Ba4 53. Bxe6+ Kxe6 54. Kg4 Bc2 55. Kxg5 Bxe4 56. g4 f6+ 57. exf6 Kxd6 58. Kh6 g5 1-0

[Event "Patras op"]
[Site "Patras"]
[Date "2002.08.08"]
[Round "9.10"]
[White "Georgiadis, Ioannis"]
[Black "Tzintzios, Georgios"]
[Result "1-0"]
[WhiteElo "1695"]
[BlackElo "2195"]
[PlyCount "137"]
[EventDate "2002.08.??"]
[EventType "swiss"]
[EventRounds "9"]
[EventCountry "GRE"]
[SourceTitle "CBM 089 Extra"]
[Source "ChessBase"]
[SourceDate "2002.09.10"]
[SourceVersion "2"]
[SourceVersionDate "2002.09.10"]
[SourceQuality "1"]

1. d4 d5 2. c4 c6 3. Nf3 Nf6 4. Nc3 e6 5. Bg5 h6 6. Bh4 Nbd7 7. cxd5 exd5 8. e3 Qa5 9. Qc2 Ne4 10. Bd3 g5 11. Bg3 Nxg3 12. fxg3 Bg7 13. 0-0 0-0 14. Rae1 Nf6 15. Ne5 Be6 16. Rf2 Ng4 17. Nxg4 Bxg4 18. Ref1 Be6 19. Bh7+ Kh8 20. Bf5 Qb4 21. a3 Qe7 22. Qd3 Rae8 23. Nd1 c5 24. dxc5 Qxc5 25. b4 Qc4 26. Rc2 Qxd3 27. Bxd3 Rc8 28. Rff2 Kg8 29. Rxc8 Rxc8 30. Rc2 Kf8 31. Kf2 Ke7 32. Ke2 Kd6 33. Kd2 Be5 34. Rxc8 Bxc8 35. Nc3 a6 36. Ne2 f5 37. Bc2 Bb2 38. a4 Ke5 39. Bd3 Ba3 40. Kc3 a5 41. bxa5 Bc5 42. Nd4 Ba7 43. Bc2 Bd7 44. Nf3+ Kf6 45. Kd3 f4 46. exf4 Bf5+ 47. Kd2 Bc5 48. Bxf5 Kxf5 49. fxg5 hxg5 50. Kd3 g4 51. Nd4+ Ke5 52. Ne2 Bb4 53. h3 Bxa5 54. hxg4 Bd8 55. Nf4 Bb6 56. g5 Bf2 57. g6 Kf6 58. Nxd5+ Kxg6 59. Ne3 Bxg3 60. Ke4 Kf6 61. Nf5 Bc7 62. Nd4 Bb6 63. Nb5 Kg5 64. Nd6 Kg4 65. Nf5 Ba5 66. Ne3+ Kg3 67. Kd3 Kf2 68. g4 Bd8 69. Ke4 1-0

[Event "Patras op"]
[Site "Patras"]
[Date "2002.08.06"]
[Round "7.14"]
[White "Trigiorgis, George  Alex"]
[Black "Tzintzios, Georgios"]
[Result "0-1"]
[WhiteElo "2035"]
[BlackElo "2195"]
[PlyCount "54"]
[EventDate "2002.08.??"]
[EventType "swiss"]
[EventRounds "9"]
[EventCountry "GRE"]
[SourceTitle "CBM 089 Extra"]
[Source "ChessBase"]
[SourceDate "2002.09.10"]
[SourceVersion "2"]
[SourceVersionDate "2002.09.10"]
[SourceQuality "1"]

1. f4 d5 2. Nf3 Nf6 3. e3 g6 4. b3 Bg7 5. Bb2 0-0 6. g3 c5 7. Bg2 Nc6 8. 0-0 Bg4 9. d3 Qb6 10. Qe2 e5 11. fxe5 Nd7 12. c3 Ndxe5 13. Nbd2 d4 14. cxd4 cxd4 15. e4 Qa6 16. Nc4 b5 17. Ncxe5 Nxe5 18. Qd2 Bxf3 19. Bxf3 Rac8 20. Be2 Qb6 21. Ba3 Rfe8 22. Rfc1 Rc3 23. Bb2 Rxd3 24. Qb4 Bf8 25. Qe1 Re3 26. Qf2 d3 27. Bf1 Ng4 0-1

[Event "Kavala op 10th"]
[Site "Kavala"]
[Date "2001.08.28"]
[Round "8"]
[White "Tzintzios, Georgios"]
[Black "Botsari, Anna Maria"]
[Result "0-1"]
[WhiteElo "2165"]
[BlackElo "2315"]
[PlyCount "66"]
[EventDate "2001.08.21"]
[EventType "swiss"]
[EventRounds "9"]
[EventCountry "GRE"]
[SourceTitle "EXT 2002"]
[Source "ChessBase"]
[SourceDate "2001.11.25"]
[SourceVersion "1"]
[SourceVersionDate "2001.11.25"]
[SourceQuality "1"]

1. Nf3 d5 2. d4 Nc6 3. g3 Bf5 4. Bg2 e6 5. 0-0 Nf6 6. c4 Be7 7. Nc3 0-0 8. Ne5 Nb4 9. a3 Nc2 10. g4 Nxa1 11. gxf5 dxc4 12. Nxc4 c5 13. e3 Rc8 14. d5 exd5 15. Nxd5 Nxd5 16. Bxd5 b5 17. Ne5 Bd6 18. f4 c4 19. e4 Nb3 20. Be3 Qc7 21. Nc6 Bc5 22. Bxc5 Nxc5 23. Qh5 Nxe4 24. Bxe4 Qb6+ 25. Kh1 Rxc6 26. Rg1 Rh6 27. Qg4 Qf6 28. Qg2 Re8 29. h3 Rh4 30. Bc6 Re3 31. Bf3 Qh6 32. Kh2 Qxf4+ 33. Kh1 Qxf3 0-1

[Event "Kavala op 10th"]
[Site "Kavala"]
[Date "2001.08.27"]
[Round "7"]
[White "Tzintzios, Georgios"]
[Black "Andrijevic, Milan"]
[Result "1/2-1/2"]
[WhiteElo "2165"]
[BlackElo "2366"]
[PlyCount "71"]
[EventDate "2001.08.21"]
[EventType "swiss"]
[EventRounds "9"]
[EventCountry "GRE"]
[SourceTitle "EXT 2002"]
[Source "ChessBase"]
[SourceDate "2001.11.25"]
[SourceVersion "1"]
[SourceVersionDate "2001.11.25"]
[SourceQuality "1"]

1. e4 c5 2. Nf3 Nc6 3. d4 cxd4 4. Nxd4 e6 5. Nc3 Qc7 6. Be2 a6 7. 0-0 Nf6 8. Nxc6 bxc6 9. f4 d5 10. Bd3 Be7 11. Kh1 c5 12. e5 Nd7 13. b3 Bb7 14. Qe2 g6 15. Bd2 h5 16. Rae1 Nb6 17. Nd1 c4 18. bxc4 Nxc4 19. Ne3 Nb2 20. Rb1 Nxd3 21. cxd3 0-0 22. f5 Rfe8 23. fxg6 fxg6 24. Qf3 Rf8 25. Qh3 Bc8 26. Qg3 Kh7 27. Rxf8 Bxf8 28. Rf1 Bg7 29. d4 Rb8 30. Rc1 Qd7 31. Nd1 Bb7 32. Bb4 Bc6 33. Bd6 Rb7 34. Nf2 Bh6 35. Ra1 Qf7 36. Nd3 1/2-1/2

[Event "Kavala op 10th"]
[Site "Kavala"]
[Date "2001.08.26"]
[Round "6"]
[White "Petrov, Marian"]
[Black "Tzintzios, Georgios"]
[Result "1-0"]
[WhiteElo "2463"]
[BlackElo "2165"]
[PlyCount "81"]
[EventDate "2001.08.21"]
[EventType "swiss"]
[EventRounds "9"]
[EventCountry "GRE"]
[SourceTitle "EXT 2002"]
[Source "ChessBase"]
[SourceDate "2001.11.25"]
[SourceVersion "1"]
[SourceVersionDate "2001.11.25"]
[SourceQuality "1"]

1. e4 c5 2. Nf3 Nc6 3. d4 cxd4 4. Nxd4 Nf6 5. Nc3 e5 6. Ndb5 d6 7. Bg5 a6 8. Na3 b5 9. Bxf6 gxf6 10. Nd5 Bg7 11. c3 f5 12. exf5 Bxf5 13. Nc2 Be6 14. Nce3 Ne7 15. g3 Rb8 16. Nxe7 Qxe7 17. Bg2 0-0 18. 0-0 a5 19. a3 f5 20. Qh5 Qf7 21. Qxf7+ Rxf7 22. Rfd1 Bf8 23. Bd5 Bxd5 24. Rxd5 f4 25. Nc2 h5 26. Re1 Be7 27. Re4 Rg7 28. Kf1 fxg3 29. hxg3 Kf7 30. Ke2 Ke6 31. Ne3 Rg4 32. Rxg4 hxg4 33. Rd1 b4 34. axb4 axb4 35. c4 Bg5 36. Nxg4 Ra8 37. Kd3 d5 38. cxd5+ Kxd5 39. Re1 Re8 40. Re4 b3 41. f4 1-0

[Event "Athens Akropolis op"]
[Site "Athens"]
[Date "1997.??.??"]
[Round "7"]
[White "Vouldis, Angelos"]
[Black "Tzintzios, Georgios"]
[Result "1-0"]
[WhiteElo "2430"]
[BlackElo "2010"]
[PlyCount "36"]
[EventDate "1997.??.??"]
[EventType "swiss"]
[EventRounds "9"]
[EventCountry "GRE"]
[SourceTitle "EXT 2001"]
[Source "ChessBase"]
[SourceDate "2000.11.22"]
[SourceVersion "1"]
[SourceVersionDate "2000.11.22"]
[SourceQuality "1"]

1. e4 e5 2. Nf3 Nf6 3. d4 Nxe4 4. Bd3 d5 5. Nxe5 Nd7 6. Nxd7 Bxd7 7. 0-0 Qh4 8. c4 0-0-0 9. Nc3 Bd6 10. f4 Nxc3 11. bxc3 g5 12. g3 Qh3 13. c5 gxf4 14. Bxf4 Bxf4 15. Rxf4 h5 16. c6 Bg4 17. Qb3 b6 18. Bf1 Bd1 1-0